000 00595nam a2200193Ia 4500
003 LDD
008 190117s9999 xx 000 0 und d
020 _c₹25
040 _cLDD
041 _ahi
082 _a8h4.7 रा62गु
100 _aविवेकीराय
245 0 _aगुर-गृह मयउ पदन रघुराई
_cविवेकीराय
260 _aदिल्ली
_bआर्य
_c1992
300 _a64
901 _aKG
904 _aReqst by : सत्यकाम
942 _2ddc
_cH
999 _c170143
_d170143